000 00441nam a2200145Ia 4500
041 _aKurdish
082 _a941,5 cut-294 ك
100 _a20260118u\\\\\\\\\\\y0engy0103\\\\ba
100 _aکارزان کاوسێن
245 0 _aچەند لاپەڕەیەک لە میژووى ناسیۆنالیزمى ئێرلەندى
250 _aچ1
260 _bچاپخانەیى حەمدى
_aسلێمانى
_c2009
300 _a161
942 _cBk
999 _c188070
_d188070